<?xml version="1.0" encoding="UTF-8"?>
<record
    xmlns:xsi="http://www.w3.org/2001/XMLSchema-instance"
    xsi:schemaLocation="http://www.loc.gov/MARC21/slim http://www.loc.gov/standards/marcxml/schema/MARC21slim.xsd"
    xmlns="http://www.loc.gov/MARC21/slim">

  <leader>03917nab a2200373 i 4500</leader>
  <controlfield tag="003">BR-BrBNA</controlfield>
  <controlfield tag="005">20240925104738.0</controlfield>
  <controlfield tag="008">240925b2018    bl.|r|pooa||| 00| 0 por |</controlfield>
  <datafield tag="040" ind1=" " ind2=" ">
    <subfield code="a">BR-BrBNA</subfield>
    <subfield code="b">por</subfield>
  </datafield>
  <datafield tag="072" ind1=" " ind2=" ">
    <subfield code="a">L70</subfield>
    <subfield code="b">5214</subfield>
  </datafield>
  <datafield tag="100" ind1=" " ind2=" ">
    <subfield code="a">Silva, B.T. </subfield>
  </datafield>
  <datafield tag="100" ind1=" " ind2=" ">
    <subfield code="a">Baccili, C.C. </subfield>
  </datafield>
  <datafield tag="100" ind1=" " ind2=" ">
    <subfield code="a">Henklein, A. </subfield>
  </datafield>
  <datafield tag="100" ind1=" " ind2=" ">
    <subfield code="a">Oliveira, P.L. </subfield>
  </datafield>
  <datafield tag="100" ind1=" " ind2=" ">
    <subfield code="a">Oliveira,  S.M.F.N. </subfield>
  </datafield>
  <datafield tag="100" ind1=" " ind2=" ">
    <subfield code="a">Sobreira, N.M. </subfield>
  </datafield>
  <datafield tag="100" ind1=" " ind2=" ">
    <subfield code="a">Ribeiro, C.P. </subfield>
  </datafield>
  <datafield tag="100" ind1=" " ind2=" ">
    <subfield code="a"> Gomes, V.</subfield>
  </datafield>
  <datafield tag="245" ind1=" " ind2=" ">
    <subfield code="a">Transfer&#xEA;ncia de imunidade passiva (TIP) e din&#xE2;mica de anticorpos espec&#xED;ficos em bezerros naturalmente expostos para as viroses respirat&#xF3;rias</subfield>
  </datafield>
  <datafield tag="500" ind1=" " ind2=" ">
    <subfield code="a">Publica&#xE7;&#xE3;o online; 30 ref.; Summaries (En, Pt)</subfield>
  </datafield>
  <datafield tag="520" ind1=" " ind2=" ">
    <subfield code="a">

RESUMO - Esta pesquisa avaliou a TIP e a din&#xE2;mica de anticorpos (ACs) espec&#xED;ficos em bezerros naturalmente expostos aos agentes causadores da doen&#xE7;a respirat&#xF3;ria bovina (DRB). Foram selecionados 19 bezerros Holandeses alimentados com colostro proveniente de doadoras vacinadas para DRB. Amostras de soro foram obtidas antes e ap&#xF3;s a ingest&#xE3;o do colostro (48h) para a soroneutraliza&#xE7;&#xE3;o (SN). Os valores m&#xE9;dios (log2) detectados ap&#xF3;s colostragem foram de 11,5&#xB1;1,6 (BVDV), 8,8&#xB1;1,3 (BoHV-1), 5,5&#xB1;1,6 (BRSV) e 8,4&#xB1;1,5 (BPIV-3). Cinco bezerros foram criados do nascimento aos 240 dias de vida, observando-se decr&#xE9;scimo nos t&#xED;tulos de ACs para BVDV, BoHV-1 e BPIV-3 ao longo do tempo (P&#x2264;0,001). As taxas de infec&#xE7;&#xF5;es detectadas entre o D14 e o D240 foram de 40% (2/5), 20% (1/5), 80% (4/5), e 60% (3/5), respectivamente, para BVDV, BoHV-1, BRSV e BPIV-3. A maioria dos bezerros manifestou broncopneumonia ap&#xF3;s as infec&#xE7;&#xF5;es virais. Os bezerros apresentaram ACs para todas as viroses &#xE0;s 48 horas de vida, por&#xE9;m os t&#xED;tulos adquiridos para o BRSV foram baixos. A susceptibilidade para as infec&#xE7;&#xF5;es variou de acordo com os n&#xED;veis e a dura&#xE7;&#xE3;o dos t&#xED;tulos de ACs maternos.


Palavras-chave: colostro, v&#xED;rus da diarreia viral bovina (BVDV), herpesv&#xED;rus bovino tipo 1 (BoHV-1), v&#xED;rus respirat&#xF3;rio sincicial bovino (BRSV), v&#xED;rus da parainfluenza bovina tipo 3 (BPIV-3)</subfield>
  </datafield>
  <datafield tag="520" ind1=" " ind2=" ">
    <subfield code="a">

ABSTRACT - This research evaluated the PIT and the dynamics of specific antibody (Ab) for calves naturally exposed to the viral agents involved in Bovine Respiratory Disease (BRD). Nineteen Holstein calves fed colostrum from vaccinated donors for DRB. Serum samples were obtained before and after colostrum intake (48h) for serum neutralization (SN). Mean values (log2) detected after colostrum feeding were 11.5&#xB1;1.6 (BVDV), 8.8 &#xB1;1.3 (BoHV-1) 5.5&#xB1;1.6 (BRSV) and 8.4&#xB1;1.5 (BPIV-3). Five calves were raised from birth to 240 days of life and presented a decrease in Ab titers for BVDV, BoHV-1 and BPIV-3 over time (P&#x2264; 0.001). Infection rates from D14 to D240 were of 40% (2/5), 20% (1/5), 80% (4/5) and 60% (3/5), respectively for BVDV, BoHV-1, BRSV and BPIV-3. Most of the calves presented bronchopneumonia after seroconversion to the virus. Calves presented Ab for all viruses at 48 hours of life, however BRSV Ab titer were low. Levels and persistence of maternal antibody titers determined the susceptibility to viral infections.


Keywords: colostrum, bovine viral diarrhea virus (BVDV), bovine alphaherpesvirus type 1 (BoHV-1), bovine syncytial virus (BRSV), bovine parainfluenza virus type 3 (BPIV-3)</subfield>
  </datafield>
  <datafield tag="650" ind1=" " ind2=" ">
    <subfield code="a">BOVINO</subfield>
  </datafield>
  <datafield tag="650" ind1=" " ind2=" ">
    <subfield code="a">BEZERRO LEITEIRO</subfield>
  </datafield>
  <datafield tag="650" ind1=" " ind2=" ">
    <subfield code="a">COLOSTRO</subfield>
  </datafield>
  <datafield tag="650" ind1=" " ind2=" ">
    <subfield code="a">INGEST&#xC3;O</subfield>
  </datafield>
  <datafield tag="650" ind1=" " ind2=" ">
    <subfield code="a">IMUNIDADE</subfield>
  </datafield>
  <datafield tag="650" ind1=" " ind2=" ">
    <subfield code="a">ANTICORPO</subfield>
  </datafield>
  <datafield tag="650" ind1=" " ind2=" ">
    <subfield code="a">V&#xCD;RUS</subfield>
  </datafield>
  <datafield tag="773" ind1="0" ind2=" ">
    <subfield code="0">1643</subfield>
    <subfield code="9">344677</subfield>
    <subfield code="d">Belo Horizonte-MG Universidade Federal de Minas Gerais - Escola de Veterinaria 1983</subfield>
    <subfield code="o">2024-5011</subfield>
    <subfield code="t">Arquivo Brasileiro de Medicina Veterin&#xE1;ria e Zootecnia (Brazil)</subfield>
    <subfield code="x">0102-0935</subfield>
    <subfield code="g">v. 70(5) p. 1414-1422; (2018)</subfield>
    <subfield code="w">BR2024002705</subfield>
  </datafield>
  <datafield tag="856" ind1=" " ind2=" ">
    <subfield code="u">https://www.scielo.br/j/abmvz/a/n44ymcWqsskXKs5BkYDTsgQ/?format=pdf&amp;lang=pt</subfield>
  </datafield>
  <datafield tag="942" ind1=" " ind2=" ">
    <subfield code="c">ANA</subfield>
  </datafield>
  <datafield tag="999" ind1=" " ind2=" ">
    <subfield code="c">327807</subfield>
    <subfield code="d">327807</subfield>
  </datafield>
</record>
